[Event "IPCA Wch 21st"]
[Site "Ashdod"]
[Date "2022.05.11"]
[Round "4"]
[White "Babanov, Aleksandr"]
[Black "Lipilin, Ilia"]
[Result "1-0"]
[WhiteElo "1929"]
[BlackElo "2198"]
[PlyCount "137"]
[EventDate "2022.05.09"]
[EventType "swiss"]
[EventRounds "9"]
[EventCountry "ISR"]
[SourceTitle "CBM 208 Extra"]
[Source "ChessBase"]
[SourceDate "2022.07.31"]
[SourceVersion "1"]
[SourceVersionDate "2022.07.31"]
[SourceQuality "1"]

1. Nf3 d5 2. g3 Nf6 3. Bg2 c5 4. e3 Nc6 5. d4 e6 6. 0-0 b6 7. Nbd2 Be7 8. b3 cxd4 9. exd4 Ba6 10. Re1 Rc8 11. a3 0-0 12. Bb2 Rc7 13. Rc1 Bd6 14. Ne5 Qe7 15. c4 Na5 16. cxd5 Rxc1 17. Qxc1 Rc8 18. Nc6 Qd7 19. Qd1 exd5 20. Nxa5 bxa5 21. Nf3 h6 22. Qd2 Qb5 23. Qd1 Qd3 24. Bf1 Qxd1 25. Rxd1 Bxf1 26. Kxf1 Rb8 27. Rd3 a4 28. b4 a5 29. Ne5 axb4 30. Nc6 bxa3 31. Bxa3 Rb1+ 32. Ke2 Bxa3 33. Rxa3 Rb6 34. Ne5 Rb4 35. Ke3 Ne4 36. Nc6 Rb3+ 37. Rxb3 axb3 38. Kd3 Nxf2+ 39. Kc3 Ng4 40. Ne7+ Kf8 41. Nxd5 Nxh2 42. Ne3 Nf3 43. d5 Nd4 44. g4 Ke7 45. Nc4 Nb5+ 46. Kxb3 Nd6 47. Ne3 Kf6 48. Kc3 Ke5 49. Kd3 g6 50. Kc3 Ke4 51. Kd2 Kf3 52. Kd3 h5 53. gxh5 gxh5 54. Nc4 Ne4 55. Nd2+ Kf4 56. Nxe4 Ke5 57. d6 Ke6 58. Kc4 h4 59. Kc5 Kd7 60. Nf6+ Kd8 61. Kc6 h3 62. Ng4 f5 63. Nh2 f4 64. Nf3 Kc8 65. Kd5 Kd8 66. Ke6 Ke8 67. d7+ Kd8 68. Ne5 h2 69. Kd6 1-0

[Event "Ekaterinburg UrFO-ch"]
[Site "Ekaterinburg"]
[Date "2008.03.20"]
[Round "6"]
[White "Babanov, Aleksandr"]
[Black "Kharous, Ernest"]
[Result "0-1"]
[WhiteElo "2114"]
[BlackElo "2405"]
[PlyCount "60"]
[EventDate "2008.03.15"]
[EventType "swiss"]
[EventRounds "9"]
[EventCountry "RUS"]
[SourceTitle "EXT 2009"]
[Source "ChessBase"]
[SourceDate "2008.11.26"]
[SourceVersion "1"]
[SourceVersionDate "2008.11.26"]
[SourceQuality "1"]

1. e4 e5 2. Nf3 d6 3. d4 Nf6 4. Nc3 Nbd7 5. dxe5 dxe5 6. Bc4 Be7 7. 0-0 0-0 8. Bg5 c6 9. a3 Qc7 10. Qe2 b5 11. Ba2 Nc5 12. b4 Ne6 13. Be3 a5 14. Rab1 axb4 15. axb4 Nxe4 16. Nxe4 Rxa2 17. Nc3 Ra3 18. Nd1 Bf6 19. Bc1 Ra8 20. Bb2 Nd4 21. Nxd4 exd4 22. Qe4 Bb7 23. Qg4 Rad8 24. f4 c5 25. bxc5 Qxc5 26. Nf2 Qxc2 27. Ba3 Rfe8 28. Rxb5 Ba6 29. Rc5 Qb3 30. Ra1 Qxa3 0-1

[Event "Ekaterinburg UrFO-ch"]
[Site "Ekaterinburg"]
[Date "2008.03.19"]
[Round "5"]
[White "Babanov, Aleksandr"]
[Black "Efanov, Nikolai Aleksandrov"]
[Result "0-1"]
[WhiteElo "2114"]
[BlackElo "2348"]
[PlyCount "78"]
[EventDate "2008.03.15"]
[EventType "swiss"]
[EventRounds "9"]
[EventCountry "RUS"]
[SourceTitle "EXT 2009"]
[Source "ChessBase"]
[SourceDate "2008.11.26"]
[SourceVersion "1"]
[SourceVersionDate "2008.11.26"]
[SourceQuality "1"]

1. e4 c5 2. Nc3 d6 3. f4 g6 4. Nf3 Bg7 5. g3 Nc6 6. Bg2 Rb8 7. d3 b5 8. 0-0 Nf6 9. Re1 b4 10. Ne2 0-0 11. h3 a5 12. c3 bxc3 13. bxc3 c4 14. Ned4 Nxd4 15. cxd4 cxd3 16. Qxd3 Qb6 17. Be3 Ba6 18. Qa3 Nxe4 19. Kh2 Qb4 20. Qxb4 axb4 21. Bg1 Bb7 22. Ng5 Nxg5 23. Bxb7 Ne6 24. Bg2 Nxd4 25. Rad1 Ne6 26. Bd5 Rfc8 27. Bxe6 Rc2+ 28. Kh1 fxe6 29. Rxe6 Kf7 30. Rde1 Be5 31. Rxe7+ Kxe7 32. fxe5 Rxa2 33. exd6+ Kxd6 34. g4 Rb7 35. Rd1+ Kc6 36. Rc1+ Kb5 37. Rc5+ Ka4 38. Rc8 Re2 39. Ra8+ Kb3 0-1

[Event "Ekaterinburg UrFO-ch"]
[Site "Ekaterinburg"]
[Date "2008.03.15"]
[Round "1"]
[White "Babanov, Aleksandr"]
[Black "Zakharov, Sergei D"]
[Result "1/2-1/2"]
[WhiteElo "2114"]
[BlackElo "2385"]
[PlyCount "130"]
[EventDate "2008.03.15"]
[EventType "swiss"]
[EventRounds "9"]
[EventCountry "RUS"]
[SourceTitle "EXT 2009"]
[Source "ChessBase"]
[SourceDate "2008.11.26"]
[SourceVersion "1"]
[SourceVersionDate "2008.11.26"]
[SourceQuality "1"]

1. e4 e6 2. d4 d5 3. Nd2 Nf6 4. e5 Nfd7 5. Bd3 c5 6. c3 Nc6 7. Ne2 Qb6 8. Nf3 cxd4 9. cxd4 f6 10. exf6 Nxf6 11. 0-0 Bd6 12. b3 0-0 13. Bb2 Qc7 14. Rc1 Ng4 15. Ng3 g6 16. Ng5 e5 17. dxe5 Bxe5 18. Bxe5 Qxe5 19. Nf3 Qd6 20. Qd2 Be6 21. Rcd1 Rad8 22. Qg5 Bc8 23. Bc4 Ne7 24. Rfe1 Nf6 25. Ne4 Nxe4 26. Rxe4 Rf7 27. Re5 Bf5 28. Qd2 Be6 29. Qe2 Bg4 30. Re3 Bxf3 31. Rxf3 Rxf3 32. Qxf3 Kg7 33. Qc3+ Qf6 34. Qxf6+ Kxf6 35. Kf1 Ke5 36. Bd3 Nc6 37. Ke1 Nb4 38. Bb1 d4 39. h3 Nd5 40. Rc1 Nc3 41. Kd2 Rf8 42. Ke1 a5 43. a3 Rf6 44. Bd3 b5 45. Bxb5 Nxb5 46. Rc5+ Ke4 47. Rxb5 Kd3 48. Rxa5 h6 49. Rc5 Re6+ 50. Kd1 Re2 51. g4 Rxf2 52. Ke1 Re2+ 53. Kf1 Rb2 54. b4 Rb3 55. Rc6 Kd2 56. Rxg6 Rxh3 57. b5 Rxa3 58. b6 Rf3+ 59. Kg2 Rb3 60. Rxh6 d3 61. Rd6 Rb4 62. Kf3 Kc3 63. Rc6+ Kd4 64. Rd6+ Kc3 65. g5 Rxb6 1/2-1/2